| 000 | 01270nam a2200265Ia 4500 | ||
|---|---|---|---|
| 999 |
_c39655 _d39655 |
||
| 001 | 6256 | ||
| 003 | GE_BSU | ||
| 005 | 20191106120225.0 | ||
| 008 | 181216s2012||||ge |||||||||||||| ||geo|| | ||
| 020 | _a9789941925841 | ||
| 040 | _cGE_BSU | ||
| 041 | _ageo | ||
| 080 | _a342.7 ა-26 | ||
| 245 |
_aადამიანის უფლებათა დაცვა : _bმიღწევები და გამოწვევები. სტატიათა კრებული / _cკონსტანტინე კორკელია. |
||
| 264 |
_aთბილისი : _b giz, _c2012. |
||
| 300 |
_a230 გვ. _b24 სმ. |
||
| 504 | _a ბიბლიოგრ. ტექსტ. შენიშვნ. | ||
| 653 | _aადამიანის უფლებები | ||
| 653 | _aსამართალი | ||
| 700 |
_aამირანაშვილი, გიორგი _eავტორი _95273 |
||
| 700 |
_aანთელავა, თეიმურაზ _eავტორი _95274 |
||
| 700 |
_aბურჯანაძე, გიორგი და სხვ. _eავტორი _95275 |
||
| 700 |
_aკორკელია, კონსტანტინე _eრედაქტორი _9539 |
||
| 942 |
_cBK _2udc |
||